000
00302nam a22001337a 4500
008
181203b xxu||||| |||| 00| 0 eng d
020
_a
9780073033907
041
_a
eng
080
_2
10th
_a
940
100
_a
16
101
_a
SHH
245
_a
American History a Survey
_c
Brinkley,A
942
_2
udc
_c
BK
999
_c
52743
_d
52743